[Event "Summer's opening"]
[Site "SchemingMind.com"]
[Date "2008.06.19"]
[Round "-"]
[White "Evans, Stan"]
[Black "calidore"]
[Result "0-1"]
[WhiteCountry "USA"]
[BlackCountry "ISR"]
[WhiteElo "1827"]
[WhiteRD "69"]
[BlackElo "1867"]
[BlackRD "47"]
[GameID "159837"]

1. e4 Nf6 2. Nc3 d5 3. e5 d4 4. Nce2 Nfd7 5. Nf3 c5 6. d3 Nc6 7. Bf4 Nb6 8. Ng3 Bg4 9. Be2 Nd5 10. Qd2 e6
11. Ne4 Ncb4 12. Bg3 Be7 13. a3 Nc6 14. h3 Bh5 15. O-O O-O 16. c4 dxc3 17. bxc3 Qa5 18. Qc2 Bg6 19. Rfb1 Rab8 20. c4 Bxe4
21. dxe4 Nc3 22. Re1 Nxe2+ 23. Qxe2 Rfd8 24. Bf4 Nd4 25. Nxd4 cxd4 26. Qb2 Qc3 27. Qxc3 dxc3 28. Re3 c2 29. Rc3 Rd1+
0-1

[Event "Summer's opening"]
[Site "SchemingMind.com"]
[Date "2008.06.19"]
[Round "-"]
[White "Evans, Stan"]
[Black "Vaidotas"]
[Result "1-0"]
[WhiteCountry "USA"]
[BlackCountry "LTU"]
[WhiteElo "1819"]
[WhiteRD "71"]
[BlackElo "1851"]
[BlackRD "67"]
[GameID "159838"]

1. Nc3 d5 2. e4 dxe4 3. Nxe4 Nf6 4. Nxf6+ gxf6 5. Bc4 Bf5 6. Qf3 Qc8 7. Qb3 e6 8. d4 Nc6 9. Ne2 Rg8 10. Ng3 Bg6
11. Be3 Bd6 12. O-O-O f5 13. Ne2 Ne7 14. g3 Bh5 15. Rde1 Bf3 16. Rhg1 Bd5 17. Nf4 Bxc4 18. Qxc4 c6 19. Nh5 Rg6 20. Nf4 Nd5
21. Nxg6 hxg6 22. Bd2 Qd7 23. Bg5 Be7 24. Bxe7 Qxe7 25. c3 O-O-O 26. f4 Kc7 27. Qe2 Rh8 28. Qe5+
1-0

[Event "Summer's opening"]
[Site "SchemingMind.com"]
[Date "2008.06.18"]
[Round "-"]
[White "Evans, Stan"]
[Black "smothered mate"]
[Result "0-1"]
[WhiteCountry "USA"]
[BlackCountry "POL"]
[WhiteElo "1827"]
[WhiteRD "69"]
[BlackElo "1926"]
[BlackRD "48"]
[GameID "159839"]

1. Nc3 d5 2. e4 d4 3. Nce2 c5 4. Ng3 Nc6 5. Bc4 e6 6. f4 h5 7. h4 Nf6 8. Nf3 Ng4 9. a3 Be7 10. d3 a6
11. Qe2 b5 12. Ba2 Bb7 13. e5 Na5 14. Ng5 Rc8 15. Nxh5 Rxh5 16. Qxg4 g6 17. O-O c4 18. g3 Bxg5 19. fxg5 Qd5 20. Qh3 Nc6
21. g4 Rh8 22. h5 Nxe5 23. dxc4 bxc4 24. h6 Nf3+ 25. Kf2 Nxg5 26. Bxg5 Qxg5 27. Ke1 Rxh6 28. Qg3 Qh4 29. Qxh4 Rxh4
0-1

[Event "Summer's opening"]
[Site "SchemingMind.com"]
[Date "2008.06.18"]
[Round "-"]
[White "Evans, Stan"]
[Black "andy146"]
[Result "1-0"]
[WhiteCountry "USA"]
[BlackCountry "POL"]
[WhiteElo "1827"]
[WhiteRD "69"]
[BlackElo "1618"]
[BlackRD "62"]
[GameID "159840"]

1. Nc3 d5 2. e4 d4 3. Nce2 c5 4. Ng3 Nc6 5. Bc4 e6 6. f4 Nf6 7. Nf3 Be7 8. O-O O-O 9. d3 Qc7 10. a3 b6
11. e5 Nd7 12. Ne4 Bb7 13. Bd2 Rfd8 14. Nfg5 f6 15. Nxe6
1-0

[Event "Summer's opening"]
[Site "SchemingMind.com"]
[Date "2008.06.18"]
[Round "-"]
[White "Evans, Stan"]
[Black "Andreas Flato"]
[Result "1/2-1/2"]
[WhiteCountry "USA"]
[BlackCountry "GER"]
[WhiteElo "1806"]
[WhiteRD "81"]
[BlackElo "1847"]
[BlackRD "66"]
[GameID "159841"]

1. e4 e6 2. Nf3 d5 3. Bd3 c5 4. c3 Nc6 5. O-O Nge7 6. Re1 Ng6 7. exd5 Nce7 8. Bb5+ Bd7 9. Bxd7+ Qxd7 10. dxe6 fxe6
11. d4 O-O-O 12. Na3 Nf5 13. Be3 cxd4 14. Nxd4 Nxe3 15. fxe3 Bc5 16. Nac2 Qd5 17. Qg4 Rde8 18. e4 Qe5 19. Rad1 Rhf8 20. Rf1 Kd7
21. Rxf8 Rxf8 22. Kh1 Ke7 23. Nf3 Qf6 24. Ncd4 Ne5 25. Qg5 Qxg5 26. Nxg5 Ng4 27. Re1 Bxd4 28. cxd4 h6=
1/2-1/2

[Event "Summer's opening"]
[Site "SchemingMind.com"]
[Date "2008.06.18"]
[Round "-"]
[White "_keyes"]
[Black "Evans, Stan"]
[Result "1/2-1/2"]
[WhiteCountry "ENG"]
[BlackCountry "USA"]
[WhiteElo "1974"]
[WhiteRD "66"]
[BlackElo "1819"]
[BlackRD "71"]
[GameID "159842"]

1. d4 Nf6 2. c4 Nc6 3. Nc3 e5 4. d5 Ne7 5. e4 Ng6 6. f3 Bc5 7. Nge2 a6 8. Qd3 d6 9. Be3 Bxe3 10. Qxe3 Bd7
11. O-O-O b5 12. c5 O-O 13. c6 b4 14. Na4 Bc8 15. h4 Nh5 16. g4 Nhf4 17. h5 Nxe2+ 18. Bxe2 Nf4 19. Bf1 h6 20. b3 Qg5
21. Kb1 a5 22. Nb2 Ba6 23. Bxa6 Rxa6 24. Qd2 Qe7 25. Rdg1 f6=
1/2-1/2

[Event "Summer's opening"]
[Site "SchemingMind.com"]
[Date "2008.06.18"]
[Round "-"]
[White "capablanca"]
[Black "Evans, Stan"]
[Result "1/2-1/2"]
[WhiteCountry "GER"]
[BlackCountry "USA"]
[WhiteElo "1750"]
[WhiteRD "58"]
[BlackElo "1827"]
[BlackRD "69"]
[GameID "159843"]

1. e4 c5 2. Nf3 Nc6 3. d4 cxd4 4. Nxd4 Nf6 5. Nc3 e5 6. Nb3 Bb4 7. Bg5 h6 8. Bxf6 Bxc3+ 9. bxc3 Qxf6 10. Bc4 O-O
11. O-O d6 12. Bd5 Bd7 13. Nd2 Rac8 14. a3 Be6 15. c4 b6 16. Nb1 Na5 17. Nd2 Nxc4 18. Nxc4 Rc5 19. Bxe6 Qxe6 20. Ne3 Rfc8
21. c4 g6 22. Re1 f5 23. exf5 gxf5 24. Rc1 f4 25. Qg4+ Qxg4 26. Nxg4 Rxc4 27. Rxc4 Rxc4 28. Nf6+ Kf7 29. Nd5 Ra4 30. Ra1 Rd4
31. Nb4 Rc4 32. Kf1 Ke6 33. Ke2 e4 34. Kd2 a5 35. Nc2 Ke5 36. Rb1 Rc6 37. Rb5+ d5 38. a4 h5 39. h4 Rg6 40. Ne1 Kd4
41. Nc2+ Ke5=
1/2-1/2

[Event "Summer's opening"]
[Site "SchemingMind.com"]
[Date "2008.06.21"]
[Round "-"]
[White "e_castle3"]
[Black "Evans, Stan"]
[Result "1-0"]
[WhiteCountry "PHI"]
[BlackCountry "USA"]
[WhiteElo "1745"]
[WhiteRD "66"]
[BlackElo "1819"]
[BlackRD "71"]
[GameID "159844"]

1. f4 Nf6 2. Nf3 Nc6 3. e3 d6 4. Be2 Bg4 5. O-O Bxf3 6. Bxf3 Qd7 7. d4 e6 8. Nc3 Be7 9. Ne2 h6 10. e4 e5
11. d5 Nb8 12. Ng3 O-O 13. c4 exf4 14. Bxf4 a5 15. Qc2 Na6 16. a3 a4 17. Be3 b6 18. Nf5 Kh7 19. e5 g6 20. exf6 Bxf6
21. Nxh6 Bg7 22. Ng4 Nc5 23. Bxc5 bxc5 24. Rae1 Bd4+ 25. Kh1 f5 26. Nf2 Rae8 27. Nh3 Bf6 28. Nf4 Rxe1 29. Rxe1 Be5 30. Ne6 Rb8
31. Rb1 Rb3 32. Bd1 Kg8 33. Qf2 Rb7 34. Qh4 Rxb2 35. Bc2 Rxb1+ 36. Bxb1 c6 37. Qh6 Bg7 38. Qxg6 cxd5 39. Bxf5 dxc4 40. Qh7+
1-0

[Event "Summer's opening"]
[Site "SchemingMind.com"]
[Date "2008.06.22"]
[Round "-"]
[White "calidore"]
[Black "Evans, Stan"]
[Result "1/2-1/2"]
[WhiteCountry "ISR"]
[BlackCountry "USA"]
[WhiteElo "1867"]
[WhiteRD "47"]
[BlackElo "1827"]
[BlackRD "69"]
[GameID "159845"]

1. e4 e5 2. Nf3 Nc6 3. Bc4 Nf6 4. d4 exd4 5. O-O Nxe4 6. Re1 d5 7. Bxd5 Qxd5 8. Nc3 Qa5 9. Nxe4 Be6 10. Neg5 O-O-O
11. Nxe6 fxe6 12. Rxe6 Bd6 13. Bg5 Rde8 14. Qe2 Kd7 15. Re1 Qxe1+ 16. Qxe1 Rxe6 17. Qd1 Rhe8 18. a3 h6 19. Bd2 g5 20. h3 Kc8
21. b4 a6 22. c4 dxc3 23. Bxc3 Ne5 24. Bxe5=
1/2-1/2

[Event "Summer's opening"]
[Site "SchemingMind.com"]
[Date "2008.06.19"]
[Round "-"]
[White "Vaidotas"]
[Black "Evans, Stan"]
[Result "0-1"]
[WhiteCountry "LTU"]
[BlackCountry "USA"]
[WhiteElo "1851"]
[WhiteRD "67"]
[BlackElo "1819"]
[BlackRD "71"]
[GameID "159846"]

1. e4 e5 2. Nf3 Nc6 3. Bc4 Nf6 4. Ng5 d5 5. exd5 b5 6. dxc6 bxc4 7. Nc3 h6 8. Nge4 Nxe4 9. Nxe4 Qd5 10. Qf3 Be6
11. Nc3 Qxf3 12. gxf3 Bf5 13. Ne4 Rb8 14. b3 Be7 15. bxc4 O-O 16. d3 Bb4+ 17. Bd2 Bxe4 18. fxe4 Bxd2+ 19. Kxd2 Rb6 20. Rab1 Rxc6
21. Rb7 Ra8 22. Rhb1 f6 23. Rb8+ Rxb8 24. Rb3 Rxb3 25. cxb3 g5 26. b4 Ra6 27. Ke3 Rxa2
0-1

[Event "Summer's opening"]
[Site "SchemingMind.com"]
[Date "2008.06.18"]
[Round "-"]
[White "smothered mate"]
[Black "Evans, Stan"]
[Result "1/2-1/2"]
[WhiteCountry "POL"]
[BlackCountry "USA"]
[WhiteElo "1926"]
[WhiteRD "48"]
[BlackElo "1827"]
[BlackRD "69"]
[GameID "159847"]

1. e4 e5 2. Nf3 Nc6 3. Bc4 Nf6 4. d4 exd4 5. e5 Ng4 6. Qe2 Qe7 7. Bf4 d6 8. exd6 cxd6 9. O-O Nge5 10. Bb3 Bg4
11. Nbd2 O-O-O 12. Bd5 f6 13. Qb5 Qc7 14. Rfc1 g5 15. Bg3 h5 16. c3 d3 17. Bxe5 dxe5 18. Qxd3 Kb8 19. c4 Bc5 20. Ne4 Be7
21. h3 Bf5 22. Nfd2 h4 23. b4 Nxb4 24. Qb3 Nxd5 25. cxd5 Qd7 26. Nc3 Rc8 27. Nc4 Bc5 28. Na5 Bb6 29. Nc4 Bd4 30. a4 Rh7
31. a5 Bxc3 32. Rxc3 Qxd5 33. a6 b5 34. Ra5 Bd7 35. Nb6=
1/2-1/2

[Event "Summer's opening"]
[Site "SchemingMind.com"]
[Date "2008.06.18"]
[Round "-"]
[White "andy146"]
[Black "Evans, Stan"]
[Result "1-0"]
[WhiteCountry "POL"]
[BlackCountry "USA"]
[WhiteElo "1642"]
[WhiteRD "67"]
[BlackElo "1788"]
[BlackRD "82"]
[GameID "159848"]

1. d4 Nf6 2. c4 Nc6 3. Nc3 e5 4. e3 Bb4 5. d5 Ne7 6. Qc2 O-O 7. Ne2 Ng6 8. g3 c6 9. Bg2 cxd5 10. cxd5 d6
11. O-O Bd7 12. a3 Ba5 13. b4 Bb6 14. Bb2 a6 15. Rfd1 Rc8 16. Rac1 Rc4 17. Qb3 Qc8 18. Kh1 Rc7 19. Be4 Nxe4 20. Nxe4 Rxc1
21. Rxc1 Qb8 22. f4 Bxe3 23. Qxe3 f5 24. Ng5 h6 25. Ne6 Bxe6 26. dxe6 Re8 27. fxe5 dxe5 28. Qb3 Qd6 29. Re1 Qxe6 30. Qxe6+ Rxe6
31. Nd4 Rf6 32. Nf3 Re6 33. Nxe5 Nxe5 34. Rxe5 Rxe5 35. Bxe5 Kf7 36. Kg2 g5 37. Kf3 Ke6 38. Bg7 h5 39. Bh6 g4+ 40. Kf4 Kf6
41. a4 b5 42. axb5 axb5 43. Bf8 Kg6 44. Ke5 Kg5 45. Be7+ Kg6 46. Ke6
1-0

[Event "Summer's opening"]
[Site "SchemingMind.com"]
[Date "2008.06.18"]
[Round "-"]
[White "Andreas Flato"]
[Black "Evans, Stan"]
[Result "1-0"]
[WhiteCountry "GER"]
[BlackCountry "USA"]
[WhiteElo "1820"]
[WhiteRD "63"]
[BlackElo "1827"]
[BlackRD "69"]
[GameID "159849"]

1. e4 e5 2. Nf3 Nc6 3. Bb5 f5 4. d3 fxe4 5. dxe4 Bb4+ 6. c3 Ba5 7. Nxe5 Nxe5 8. Qh5+ Ng6 9. Bg5 Ne7 10. O-O Bb6
11. Nd2 O-O 12. Nf3 d6 13. Bc4+ Kh8 14. Rad1 Qe8 15. e5 Nxe5 16. Qxe8 Rxe8 17. Nxe5 dxe5 18. Bf7 Bg4 19. Bxe8 Bxd1 20. Rxd1 Rxe8
21. Bxe7 c6 22. Rd7 h6 23. Rxb7 e4 24. Kf1 e3 25. fxe3 Bxe3 26. Rd7 Bc1 27. b3 Bb2 28. Rxa7 Bxc3 29. Rd7 Kh7 30. h3 Rb8
31. Rd3 Bb4 32. Bxb4 Rxb4 33. Ke2 Rb7 34. Kd2 h5 35. h4 c5 36. Kc3 Rb4 37. g3 Rg4 38. a3 g5 39. hxg5 Rxg5 40. Kc4 Kh6
41. Kb5 Kg6 42. a4 Rf5 43. Kb6 c4 44. bxc4
1-0

[Event "Summer's opening"]
[Site "SchemingMind.com"]
[Date "2008.06.19"]
[Round "-"]
[White "Schaakmaatje"]
[Black "_keyes"]
[Result "0-1"]
[WhiteCountry "NED"]
[BlackCountry "ENG"]
[WhiteElo "1802"]
[WhiteRD "48"]
[BlackElo "1974"]
[BlackRD "66"]
[GameID "160055"]

1. d4 Nf6 2. Bg5 Ne4 3. Bh4 g5 4. f3 gxh4 5. fxe4 e6 6. e3 Qg5 7. Qf3 Bh6 8. Kf2 O-O 9. Nc3 f5 10. Nh3 Qg7
11. e5 d6 12. exd6 cxd6 13. Nf4 e5 14. Bc4+ Kh8 15. Nh5 Qg5 16. Rad1 Nc6 17. Nb5 Qg6 18. Nc7 f4 19. Bd3 fxe3+ 20. Ke1 Qg5
0-1

[Event "Summer's opening"]
[Site "SchemingMind.com"]
[Date "2008.06.19"]
[Round "-"]
[White "Schaakmaatje"]
[Black "capablanca"]
[Result "1-0"]
[WhiteCountry "NED"]
[BlackCountry "GER"]
[WhiteElo "1802"]
[WhiteRD "48"]
[BlackElo "1715"]
[BlackRD "53"]
[GameID "160056"]

1. e4 e5 2. Nf3 Nc6 3. Nc3 Bc5 4. Bc4 Nf6 5. O-O O-O 6. d3 h6 7. Be3 Bb6 8. Qd2 Bxe3 9. Qxe3 d6 10. a3 Ng4
11. Qe2 Be6 12. Nd5 Bxd5 13. Bxd5 Qd7 14. h3 Nf6 15. Ba2 Nd4 16. Nxd4 exd4 17. c3 dxc3 18. bxc3 Rfe8 19. f4 c6 20. Qf2 Re7
21. Rae1 Rae8 22. Re3 Kh8 23. Qh4 d5 24. e5 Qf5 25. g4 Qd7 26. d4 Ne4 27. Bb1 Nd2 28. Bf5 Qc7 29. Rfe1 b5 30. g5 g6
31. Qxh6+ Kg8 32. Bd3 Qa5 33. e6 fxe6 34. Qxg6+ Rg7 35. Qxe8#
1-0

[Event "Summer's opening"]
[Site "SchemingMind.com"]
[Date "2008.06.21"]
[Round "-"]
[White "Schaakmaatje"]
[Black "e_castle3"]
[Result "1-0"]
[WhiteCountry "NED"]
[BlackCountry "PHI"]
[WhiteElo "1768"]
[WhiteRD "47"]
[BlackElo "1756"]
[BlackRD "69"]
[GameID "160057"]

1. d4 e6 2. e4 d5 3. Nc3 dxe4 4. Nxe4 Nc6 5. c3 b6 6. Bd3 Bb7 7. Nf3 Nf6 8. Bg5 Be7 9. O-O h6 10. Bh4 g5
11. Bg3 Nd5 12. Ne5 f6 13. Qh5+
1-0

[Event "Summer's opening"]
[Site "SchemingMind.com"]
[Date "2008.06.20"]
[Round "-"]
[White "Schaakmaatje"]
[Black "calidore"]
[Result "1/2-1/2"]
[WhiteCountry "NED"]
[BlackCountry "ISR"]
[WhiteElo "1768"]
[WhiteRD "47"]
[BlackElo "1867"]
[BlackRD "47"]
[GameID "160058"]

1. d4 Nf6 2. Nf3 e6 3. c4 b6 4. Nc3 Bb7 5. e3 d5 6. cxd5 Nxd5 7. Be2 Bb4 8. Bd2 O-O 9. O-O Nxc3 10. bxc3 Bd6
11. Rb1 Nd7 12. Qc2 Rc8 13. e4 c5 14. Ng5 h6 15. Nf3 cxd4 16. Nxd4 Qh4 17. f4 Bc5 18. Be3 Rfd8 19. Kh1 Qf6 20. Qd3 Nb8
21. e5 Qh4 22. Qd1 Be4 23. Rb2 Nc6 24. Rd2 Ne7 25. Bf3 Bxf3 26. Rxf3 Nd5 27. Bf2 Qe7 28. g3 Qb7 29. Kg1 Bxd4 30. Bxd4 Rc4
31. Qe2 Rdc8 32. Rdd3 Qa6 33. Qb2 Ra4 34. Rd2 Qc4 35. Qb3 Qa6 36. f5 Ra3 37. Qb2 Ra5=
1/2-1/2

[Event "Summer's opening"]
[Site "SchemingMind.com"]
[Date "2008.06.20"]
[Round "-"]
[White "Schaakmaatje"]
[Black "Vaidotas"]
[Result "1-0"]
[WhiteCountry "NED"]
[BlackCountry "LTU"]
[WhiteElo "1837"]
[WhiteRD "46"]
[BlackElo "1816"]
[BlackRD "71"]
[GameID "160059"]

1. e4 c6 2. Nc3 d5 3. exd5 cxd5 4. d4 Nf6 5. Nf3 Nc6 6. h3 e6 7. Be2 Be7 8. Bf4 Qb6 9. Nb5 a6 10. Bc7 Qxb5
11. Bxb5 axb5 12. c3 b4 13. O-O bxc3 14. bxc3 O-O 15. Ne5 Ne4 16. Nxc6 bxc6 17. Qc2 Ba6 18. Rfe1 c5 19. Bb6 cxd4 20. Bxd4 Rfc8
21. Rxe4 dxe4 22. Qxe4 Bc4 23. Qg4 Bf8 24. a4 Ra6 25. h4 Rca8 26. h5 Rxa4 27. Rxa4 Rxa4 28. h6 g6 29. Qg5 Ra1+ 30. Kh2 Bd6+
31. g3 Bd5 32. Qd8+ Bf8 33. g4 Ra8 34. Qf6 Bd6+ 35. Be5 Bxe5+ 36. Qxe5
1-0

[Event "Summer's opening"]
[Site "SchemingMind.com"]
[Date "2008.06.19"]
[Round "-"]
[White "Schaakmaatje"]
[Black "smothered mate"]
[Result "0-1"]
[WhiteCountry "NED"]
[BlackCountry "POL"]
[WhiteElo "1802"]
[WhiteRD "48"]
[BlackElo "1933"]
[BlackRD "52"]
[GameID "160060"]

1. d4 Nf6 2. Bg5 e6 3. e3 c6 4. c3 d5 5. Bd3 Bd6 6. Nd2 Nbd7 7. f4 h6 8. Bh4 Qc7 9. Nh3 g5 10. Bg3 Nf8
11. Qc2 Bd7 12. O-O-O g4 13. Nf2 h5 14. Bh4 Ng8 15. h3 f5 16. hxg4 fxg4 17. Bg6+ Nxg6 18. Qxg6+ Kf8 19. Bf6 Be8 20. Qg5 Rh6
21. Nxg4 Rg6 22. Qxh5 Rxf6 23. Qh4 Rg6 24. Nf3 Qg7 25. Nfe5 Bxe5 26. Nxe5 Rxg2 27. Rdf1 Bg6 28. Nxg6+ Qxg6 29. Rf2 Rxf2 30. Qxf2 Re8
31. Rg1 Qf7 32. Qg2 Ke7 33. Kd2 Nf6 34. Kd3 Rg8
0-1

[Event "Summer's opening"]
[Site "SchemingMind.com"]
[Date "2008.06.20"]
[Round "-"]
[White "Schaakmaatje"]
[Black "andy146"]
[Result "1-0"]
[WhiteCountry "NED"]
[BlackCountry "POL"]
[WhiteElo "1768"]
[WhiteRD "47"]
[BlackElo "1618"]
[BlackRD "62"]
[GameID "160061"]

1. e4 c5 2. Nf3 e6 3. d4 cxd4 4. Nxd4 Nc6 5. Nb5 a6 6. Nd6+ Bxd6 7. Qxd6 Qe7 8. Qg3 Nf6 9. Nc3 Nh5 10. Qh3 Nf6
11. Be3 O-O 12. Bd3 b5 13. f3 Bb7 14. f4 g6 15. O-O Qb4 16. Rab1 Ne7 17. a3 Qd6 18. e5
1-0

[Event "Summer's opening"]
[Site "SchemingMind.com"]
[Date "2008.06.19"]
[Round "-"]
[White "Schaakmaatje"]
[Black "Evans, Stan"]
[Result "1-0"]
[WhiteCountry "NED"]
[BlackCountry "USA"]
[WhiteElo "1802"]
[WhiteRD "48"]
[BlackElo "1819"]
[BlackRD "71"]
[GameID "160062"]

1. d4 d5 2. c4 Nc6 3. Nc3 Nf6 4. cxd5 Nxd5 5. e4 Nxc3 6. bxc3 e5 7. Bb5 exd4 8. Qxd4 Bd7 9. Bxc6 Bxc6 10. f3 Qd6
11. Ne2 b6 12. Bf4 Qxd4 13. Nxd4 Bb7 14. Nb5 Kd7 15. Nxc7 Rc8 16. Rd1+ Kc6 17. Nd5 Bc5 18. Be3 Bxe3 19. Nxe3 Kc7 20. O-O Kb8
21. c4 Ba6 22. Rd4 Rhd8 23. Rfd1 Rxd4 24. Rxd4 g6 25. Kf2 Rc7 26. Ke2 Re7 27. Kd3 Kc8 28. Kc3 Bb7 29. Nd5 Bxd5 30. cxd5 Rd7
31. Rc4+ Kb7 32. Kd4 b5 33. Rc6 a6 34. Kc5 Rc7 35. Rxc7+ Kxc7 36. e5 h5 37. h4 b4 38. Kxb4 Kb6 39. a4 a5+ 40. Kc4
1-0

[Event "Summer's opening"]
[Site "SchemingMind.com"]
[Date "2008.06.19"]
[Round "-"]
[White "Schaakmaatje"]
[Black "Andreas Flato"]
[Result "1-0"]
[WhiteCountry "NED"]
[BlackCountry "GER"]
[WhiteElo "1768"]
[WhiteRD "47"]
[BlackElo "1820"]
[BlackRD "63"]
[GameID "160063"]

1. d4 e6 2. g3 Nc6 3. Bg2 Nf6 4. c3 d5 5. Bg5 Be7 6. Nd2 O-O 7. e4 dxe4 8. Nxe4 Nxe4 9. Bxe7 Nxe7 10. Bxe4 c6
11. Qc2 h6 12. Ne2 Nd5 13. Bxd5 exd5 14. O-O-O Qf6 15. f4 Bf5 16. Qd2 Be4 17. Rhe1 b5 18. b3 a5 19. Kb2 Rfb8 20. Nc1 b4
21. Nd3 Qd6 22. Nc5 Bf3 23. Rc1 bxc3+ 24. Rxc3 Bg4 25. Rce3 a4 26. Qc2 g6 27. Re6 Bxe6 28. Rxe6 fxe6 29. Qxg6+ Kf8 30. Nxe6+ Ke7
31. f5 axb3 32. Qg7+ Ke8 33. Qg6+ Kd7 34. Nc5+ Kc7 35. Qf7+ Kc8 36. axb3 Rb5 37. Qe8+ Qd8 38. Qxc6+ Qc7 39. Qxa8+ Rb8 40. Qa6+
1-0

[Event "Summer's opening"]
[Site "SchemingMind.com"]
[Date "2008.06.19"]
[Round "-"]
[White "_keyes"]
[Black "Schaakmaatje"]
[Result "1-0"]
[WhiteCountry "ENG"]
[BlackCountry "NED"]
[WhiteElo "1974"]
[WhiteRD "66"]
[BlackElo "1802"]
[BlackRD "48"]
[GameID "160064"]

1. d4 d5 2. c4 c6 3. Nc3 e6 4. Nf3 Be7 5. e4 dxe4 6. Nxe4 Nf6 7. Nc3 Nbd7 8. Bd3 h6 9. O-O O-O 10. Bf4 Nh7
11. Qe2 Ng5 12. Ne5 Nxe5 13. dxe5 Nh7 14. Rad1 Qc7 15. Qe4 g6 16. Bxh6 Rd8 17. h4 c5 18. h5 Rd4 19. Nb5 Qd8 20. Nxd4 cxd4
21. hxg6
1-0

[Event "Summer's opening"]
[Site "SchemingMind.com"]
[Date "2008.06.19"]
[Round "-"]
[White "capablanca"]
[Black "Schaakmaatje"]
[Result "0-1"]
[WhiteCountry "GER"]
[BlackCountry "NED"]
[WhiteElo "1715"]
[WhiteRD "53"]
[BlackElo "1802"]
[BlackRD "48"]
[GameID "160065"]

1. e4 e5 2. Nf3 Nc6 3. Bc4 Nf6 4. O-O Be7 5. Nc3 O-O 6. d3 h6 7. Be3 d6 8. Nd5 Be6 9. Nxe7+ Qxe7 10. Bxe6 Qxe6
11. Nh4 Ne7 12. f4 Qg4 13. Qxg4 Nxg4 14. Bd2 Nc6 15. fxe5 Ngxe5 16. Nf5 Rae8 17. Nxh6+ gxh6 18. Bxh6 Nb4 19. Bxf8 Rxf8 20. Rf2 Ng4
21. Re2 Nc6 22. c3 f5 23. h3 Nge5 24. d4 Nd3 25. Rd1 fxe4 26. b3 d5 27. Rf1 Rxf1+ 28. Kxf1 Ne7 29. g4 Ng6 30. c4 Ngf4
31. Rh2 c6 32. h4 e3
0-1

[Event "Summer's opening"]
[Site "SchemingMind.com"]
[Date "2008.06.24"]
[Round "-"]
[White "e_castle3"]
[Black "Schaakmaatje"]
[Result "0-1"]
[WhiteCountry "PHI"]
[BlackCountry "NED"]
[WhiteElo "1780"]
[WhiteRD "66"]
[BlackElo "1837"]
[BlackRD "46"]
[GameID "160066"]

1. e4 c5 2. Nf3 Nc6 3. Bc4 h6 4. O-O d6 5. Re1 e6 6. c3 Nf6 7. d4 cxd4 8. cxd4 Be7 9. Nc3 O-O 10. a3 Re8
11. Qc2 a6 12. b4 d5 13. exd5 exd5 14. Bf1 Bg4 15. Be3 Rc8 16. Qd2 Ne4 17. Qd3 Bf6 18. Rac1 Nxc3 19. Rxc3 Bxf3 20. gxf3 Nxd4
21. Bxd4 Rxe1 22. Bxf6 gxf6 23. Rxc8 Qxc8 24. Qxd5 Qh3 25. Qd3 Qh5 26. Kg2 Qg6+ 27. Qxg6+ fxg6 28. Bd3 Kg7 29. a4 Ra1 30. Be4 b6
31. Bc2 Ra2 32. Bd1 f5 33. b5 axb5 34. axb5 Rb2 35. Ba4 Rb4
0-1

[Event "Summer's opening"]
[Site "SchemingMind.com"]
[Date "2008.06.24"]
[Round "-"]
[White "calidore"]
[Black "Schaakmaatje"]
[Result "0-1"]
[WhiteCountry "ISR"]
[BlackCountry "NED"]
[WhiteElo "1868"]
[WhiteRD "55"]
[BlackElo "1837"]
[BlackRD "46"]
[GameID "160067"]

1. e4 c5 2. c3 e5 3. Nf3 Nc6 4. d4 exd4 5. cxd4 cxd4 6. Nxd4 Bc5 7. Be3 Qb6 8. Nf5 Bxe3 9. Nd6+ Kf8 10. fxe3 Qxe3+
11. Be2 Nd4 12. Rf1 Nh6 13. Nc3 b6 14. Nd5 Qxe2+ 15. Qxe2 Nxe2 16. Kxe2 Ba6+ 17. Kd2 Bxf1 18. Rxf1 f6 19. e5 Ng4 20. exf6 Nxf6
21. Ne4 Rc8 22. Nexf6 gxf6 23. Rxf6+ Kg7 24. Rd6 Rhd8 25. Nf4 Kf7 26. Rh6 Kg7 27. Rd6 Kf7 28. Rh6= Rc6 29. Rxh7+ Kf6 30. g3 Rd6+
31. Ke2 Re8+ 32. Kf3 Ke5 33. h4 Kd4 34. h5= Re3+ 35. Kf2 Re5 36. Rh8 Rf6 37. Kg2 Rg5 38. Kf3 d5 39. g4 Re5 40. h6 Re4
41. Rg8 Rexf4+ 42. Kg3 Rf3+ 43. Kg2 Rf2+ 44. Kg3 R6f3+ 45. Kh4 Rh2+ 46. Kg5 Rfh3 47. Rh8 Ke5 48. Kg6 d4 49. g5 Kf4 50. h7 Kg4
51. Rd8 Rxh7 52. Rxd4+ Kf3 53. Kf6 Ke3 54. Rg4 Rxb2 55. g6 Rb7 56. a4 Rf2+ 57. Ke6 Rg7 58. Ke5 Kd3 59. Rg3+ Kc4 60. Rg4+ Kc5
61. Ke6 a6 62. Rg5+ Kb4 63. Rg4+ Kb3 64. Ke5 b5 65. axb5 axb5 66. Rg3+ Ka4 67. Ke4 Rf6 68. Kd5 Rfxg6
0-1

[Event "Summer's opening"]
[Site "SchemingMind.com"]
[Date "2008.06.24"]
[Round "-"]
[White "Vaidotas"]
[Black "Schaakmaatje"]
[Result "0-1"]
[WhiteCountry "LTU"]
[BlackCountry "NED"]
[WhiteElo "1816"]
[WhiteRD "71"]
[BlackElo "1837"]
[BlackRD "46"]
[GameID "160068"]

1. e4 e5 2. Nf3 Nc6 3. Bc4 Bc5 4. b4 Bxb4 5. c3 Be7 6. d4 d6 7. d5 Nb8 8. O-O Nf6 9. Re1 h6 10. h3 Nbd7
11. Ba3 O-O 12. Nbd2 Nh7 13. g4 Ng5 14. Nxg5 Bxg5 15. Rb1 Nf6 16. Bd3 h5 17. Nf3 Bf4 18. g5 Bxh3 19. Bf1 Bxf1 20. Kxf1 Ng4
21. Ke2 Bxg5 22. Rg1 Bf4 23. Rxb7 Qd7 24. Qb3 Nf6 25. Qc4 Rfc8 26. Nh4 Ne8 27. Nf5 Qd8 28. Qa6 Kh7 29. c4 g5 30. c5 g4
31. Rh1 Kg6 32. c6 Nf6 33. Rhb1 Nxe4 34. Nxd6 Nxd6 35. Bxd6 Qxd6
0-1

[Event "Summer's opening"]
[Site "SchemingMind.com"]
[Date "2008.06.19"]
[Round "-"]
[White "smothered mate"]
[Black "Schaakmaatje"]
[Result "1/2-1/2"]
[WhiteCountry "POL"]
[BlackCountry "NED"]
[WhiteElo "1877"]
[WhiteRD "53"]
[BlackElo "1837"]
[BlackRD "46"]
[GameID "160069"]

1. d4 Nf6 2. c4 d6 3. Nc3 g6 4. Nf3 Bg7 5. e3 O-O 6. Be2 c6 7. O-O Nbd7 8. Bd2 e5 9. Qc2 Re8 10. Rfe1 e4
11. Ng5 d5 12. cxd5 cxd5 13. f3 h6 14. fxe4 hxg5 15. exd5 Nb6 16. e4 Nxe4 17. Nxe4 Bxd4+ 18. Kh1 Bf5 19. Bf3 Nxd5 20. Qc4 Nb6
21. Qb3 Be6 22. Qd3 g4 23. Bd1 Bf5 24. Bb3 Bg7 25. Qxd8 Rexd8 26. Bg5 Bxb2 27. Rab1 Re8 28. Nd6 Rxe1+ 29. Rxe1 Be6 30. Bxe6 fxe6
31. Rxe6 Rf8 32. Rxg6+ Kh7 33. Rh6+ Kg7 34. g3 Bd4 35. Bf4 Rxf4 36. gxf4 Kxh6 37. Nf5+ Kg6 38. Nxd4 Nd5 39. f5+ Kg5 40. Kg2 Ne3+
41. Kf2 Nxf5 42. Ne6+ Kf6 43. Nd8 Nd6 44. Kg3 Ke7 45. Nxb7 Nxb7 46. Kxg4 Kf6 47. Kf4 Nd6 48. Ke3 Ke5 49. Kd3 Kd5 50. Kc3 a5
51. Kb3 Kc5 52. Ka4 Kb6 53. h4 Nf5 54. h5 Ka6 55. Kb3 Kb5 56. Kc3 Kc5 57. Kb3 Kb5 58. Kc3 Kc5=
1/2-1/2

[Event "Summer's opening"]
[Site "SchemingMind.com"]
[Date "2008.06.24"]
[Round "-"]
[White "andy146"]
[Black "Schaakmaatje"]
[Result "0-1"]
[WhiteCountry "POL"]
[BlackCountry "NED"]
[WhiteElo "1645"]
[WhiteRD "66"]
[BlackElo "1837"]
[BlackRD "46"]
[GameID "160070"]

1. Nf3 d5 2. g3 h6 3. d3 Bf5 4. Bg2 e6 5. O-O Nf6 6. Nbd2 Bd6 7. Re1 c5 8. e4 Bg4 9. e5 Bxe5 10. h3 Bxf3
11. Qxf3 Nc6 12. c3 O-O 13. Nf1 Rc8 14. Bf4 Bxf4 15. Qxf4 e5 16. Qd2 Re8 17. Ne3 Qd7 18. Rad1 Ne7 19. Nc2 Ng6 20. Re2 Qc7
21. Ne3 d4 22. Nc4 b5 23. Nxe5 Rxe5 24. Rxe5 Nxe5
0-1